Kraje najbliżej Bośni i Hercegowiny - Jedna Minuta Sprint - Statystyki

Ogólne statystyki
  • Ten quiz został rozwiązany 686 razy
  • Średni wynik to 14 z 20
Statystyki odpowiedzi
km kraj % Poprawnych
0 Chorwacja
94%
0 Serbia
93%
45 Słowenia
89%
0 Czarnogóra
84%
96 Kosowo
83%
282 Grecja
82%
153 Włochy
82%
129 Rumunia
81%
68 Węgry
81%
94 Albania
79%
282 Słowacja
77%
221 Bułgaria
75%
162 Austria
73%
372 Czechy
71%
438 Szwajcaria
45%
331 Niemcy
40%
196 Macedonia Północna
35%
271 San Marino
35%
436 Ukraina
34%
400 Watykan
33%
Nie znaleziono quizów pasujących do podanych kryteriów
Rozkład punktacji
Procent ludzi z każdym wynikiem
Percentyl według liczby udzielonych odpowiedzi
Twoja historia wyników
Nie rozwiązałeś tego quizu